00622nam a2200217Ia 4500008004100000041001200041082001000053082001100063100001400074100001100088245004300099260001000142260003000152260000900182300001500191440003300206650002100239942000700260999001900267952011800286150901s9999 xx 000 0 und d aEnglish a581.1 bSES/PH aSetak Z  eEditor aPhotosynthesis during leaf development aHague bDr. W Junk B V publishers c1985 a396 Pages aTasks for vegetation science aPlant physiology cBK c237631d237631 00104070aKAUCOAbKAUCOAd2022-03-03l0o581.1 SES/PHpKAU-COA-21712 r2015-09-16 00:00:00w2015-09-16yBK